El testamento auténtico de Nostradamus / (Registro nro. 11106)

Detalles MARC
000 -LEADER
fixed length control field 00785cam a2200301 i 4500
001 - CONTROL NUMBER
control field 0000588
003 - CONTROL NUMBER IDENTIFIER
control field DO-SdBNP
005 - DATE AND TIME OF LATEST TRANSACTION
control field 20160829095016.0
007 - PHYSICAL DESCRIPTION FIXED FIELD--GENERAL INFORMATION
fixed length control field 0000588
008 - FIXED-LENGTH DATA ELEMENTS--GENERAL INFORMATION
fixed length control field 100514s 2010 mx | |||| 000 f spa
015 ## - NATIONAL BIBLIOGRAPHY NUMBER
National bibliography number
017 ## - COPYRIGHT OR LEGAL DEPOSIT NUMBER
Copyright or legal deposit number
Assigning agency
020 ## - INTERNATIONAL STANDARD BOOK NUMBER
International Standard Book Number 9786071105004
035 ## - SYSTEM CONTROL NUMBER
System control number
040 ## - CATALOGING SOURCE
Original cataloging agency BPMSU
Language of cataloging spa
Transcribing agency BPMSU
Description conventions
080 ## - UNIVERSAL DECIMAL CLASSIFICATION NUMBER
Universal Decimal Classification number
082 ## - DEWEY DECIMAL CLASSIFICATION NUMBER
Classification number 133.3
Item number R956t
100 1# - MAIN ENTRY--PERSONAL NAME
Personal name Ruzo, Daniel,
Dates associated with a name 1900-
245 12 - TITLE STATEMENT
Title El testamento auténtico de Nostradamus /
Statement of responsibility, etc. Daniel Ruzo
260 ## - PUBLICATION, DISTRIBUTION, ETC. (IMPRINT)
Place of publication, distribution, etc. México:
Name of publisher, distributor, etc. Santillana ediciones generales,
Date of publication, distribution, etc. 2010.
300 ## - PHYSICAL DESCRIPTION
Extent 597 p.:
Dimensions 19 cm
490 1# - SERIES STATEMENT
Series statement Punto de lectura
Volume/sequential designation 348 / 1
600 0# - SUBJECT ADDED ENTRY--PERSONAL NAME
Personal name Nostradamus
Dates associated with a name 1503-1566
650 ## - SUBJECT ADDED ENTRY--TOPICAL TERM
Topical term or geographic name as entry element Profesías
830 #0 - SERIES ADDED ENTRY--UNIFORM TITLE
Uniform title Punto de lectura
Number of part/section of a work 348 / 1
942 ## - ADDED ENTRY ELEMENTS (KOHA)
Source of classification or shelving scheme Dewey Decimal Classification
Koha item type Libros
956 ## - LOCAL ELECTRONIC LOCATION AND ACCESS (OCLC)
Host name YLOCKWARD
Field link and sequence number 10
Compression information BPMSU
Existencias
Withdrawn status Lost status Source of classification or shelving scheme Damaged status Not for loan Collection code Home library Current library Date acquired Source of acquisition Total Checkouts Full call number Barcode Date last seen Price effective from Koha item type Copy number
    Dewey Decimal Classification       Biblioteca Pública Metropolitana Salomé Ureña Biblioteca Pública Metropolitana Salomé Ureña 08/08/2016 Alfaguara   133.3 R956t BPMSU16080061 08/08/2016 08/08/2016 Libros  
    Dewey Decimal Classification       Biblioteca Pública Metropolitana Salomé Ureña Biblioteca Pública Metropolitana Salomé Ureña 08/08/2016 Alfaguara   133.3 R956t BPMSU16080062 08/08/2016 08/08/2016 Libros e. 2
    Dewey Decimal Classification       Biblioteca Pública Metropolitana Salomé Ureña Biblioteca Pública Metropolitana Salomé Ureña 08/08/2016 Alfaguara   133.3 R956t BPMSU16080063 08/08/2016 08/08/2016 Libros e. 3